| 000 | 00432nam a2200133Ia 4500 | ||
|---|---|---|---|
| 008 | 181023s9999 xx 000 0 und d | ||
| 020 | _a9781259662423 | ||
| 100 | _aSlater,Jeffrey. | ||
| 245 |
_cJeffrey Slater, Sharon M. Wittry.-- _aBusiness math handbook to accompany practical business math procedures / |
||
| 250 | _a12th ed | ||
| 260 |
_aNew York : _bMcGraw Hill _c2017 |
||
| 300 | _a46 pages. | ||
| 650 | _aBusiness mathematics. | ||
| 999 |
_c359367 _d359367 |
||